Význam cestovného ruchu v rozvoji regiónu, jeho hodnotenie

Saved in:
Bibliographic Details
Main Author: Konečná, Anna, 1968-
Format: Book Chapter
Language:Slovak
Tags: Add Tag
No Tags, Be the first to tag this record!

MARC

LEADER 00000naa$a2200000$$$4500
001 0122693
005 20240502083313.9
041 0 |a slo 
044 |a CZ 
245 1 0 |a Význam cestovného ruchu v rozvoji regiónu, jeho hodnotenie  |c Anna Konečná 
100 1 |a Konečná, Anna, 1968-